[Event "AICF KIIT Cup 2013"]
[Site "Bhubaneswar IND"]
[Date "2013.03.23"]
[Round "8"]
[White "Gomes,Mary"]
[Black "Swathi,G"]
[Result "1-0"]
[WhiteElo "2387"]
[BlackElo "2246"]

1.Nf3 d5 2.g3 Nf6 3.Bg2 c6 4.d3 Bf5 5.b3 h6 6.Bb2 e6 7.Nbd2 a5 8.a3 Be7 9.O-O O-O
10.Qe1 Bh7 11.e4 c5 12.a4 Nc6 13.Qe2 Nd7 14.Rfe1 Bf6 15.e5 Be7 16.Nf1 Nb4
17.Red1 c4 18.bxc4 dxc4 19.dxc4 Qc7 20.Ne3 Nc5 21.Nd4 Qxe5 22.f4 Qc7 23.Nb5 Qb6
24.Bd4 Rad8 25.Nd5 Nxd5 26.cxd5 Bf6 27.Bxf6 gxf6 28.Kh1 Rfe8 29.d6 e5 30.Nc7 e4
31.Nxe8 Rxe8 32.Qe3 Qc6 33.f5 Bxf5 34.Qxh6 Nd7 35.Rf1 Bg6 36.Rf4 f5 37.Raf1 Qxd6
38.Rxf5 e3 39.Rxf7  1-0

[Event "30th Ciocaltea Mem 2013"]
[Site "Bucharest ROU"]
[Date "2013.03.23"]
[Round "9.3"]
[White "Fodor,T jr"]
[Black "Tarlev,K"]
[Result "0-1"]
[WhiteElo "2503"]
[BlackElo "2540"]

1.Nf3 d5 2.g3 Nf6 3.Bg2 c6 4.c4 dxc4 5.O-O Bf5 6.a4 e6 7.b3 cxb3 8.d3 Bb4
9.Bd2 a5 10.Bxb4 axb4 11.Qxb3 Na6 12.Nbd2 O-O 13.Rfc1 Bg4 14.h3 Bxf3 15.Bxf3 e5
16.Qc4 Qe7 17.Nb3 Rfd8 18.Kh2 Nd5 19.Bxd5 Rxd5 20.Qe4 f5 21.Qxf5 Rf8 22.Qe4 Rxf2+
23.Kg1 Rf8 24.Rf1 Rdd8 25.Qc4+ Kh8 26.Kg2 g6 27.Qe4 Nc7 28.d4 Rfe8 29.dxe5 Rd5
30.Rf4 Rxe5 31.Qxb4 Nd5 32.Qd4 c5 33.Qb2 c4 34.Nd4 c3 35.Qb3 Nxf4+ 36.gxf4 Rxe2+  0-1

[Event "29th Spring Festival"]
[Site "Budapest HUN"]
[Date "2013.03.23"]
[Round "6.2"]
[White "Keschitz,G"]
[Black "Nagy,Ervin1"]
[Result "0-1"]
[WhiteElo "2223"]
[BlackElo "2256"]

1.Nf3 d5 2.g3 g6 3.Bg2 Bg7 4.d3 e5 5.O-O Nc6 6.c3 a5 7.a4 Nge7 8.Na3 O-O
9.e4 h6 10.Re1 Be6 11.exd5 Bxd5 12.Qe2 Re8 13.Nc4 Nf5 14.Nfd2 Bxg2 15.Kxg2 Qd7
16.Ne4 Rad8 17.Rd1 Qe6 18.f3 b6 19.Re1 Qd5 20.Nf2 Re6 21.Bd2 Nb8 22.Red1 Na6
23.Ne3 Nxe3+ 24.Bxe3 f5 25.Re1 Nb8 26.Rad1 Qb3 27.Ra1 Nd7 28.Qd2 Kh7 29.f4 Rde8
30.Qd1 Qxb2 31.Re2 Qxc3 32.Rc2 Qb3 33.Rxc7 Qd5+ 34.Qf3 Qxf3+ 35.Kxf3 e4+
36.dxe4 fxe4+ 37.Ke2 Bxa1 38.Rxd7+ R8e7 39.Rxe7+ Rxe7 40.Bxb6 Bc3 41.Ke3 Rb7
42.Bc5 Rb2 43.Nxe4 Bg7 44.g4 Ra2 45.Bd6 Rxa4 46.f5 Bd4+ 47.Kd3 gxf5 48.gxf5 Kg7
49.h4 Bf6 50.h5 Rd4+ 51.Ke3 Rd5 52.Nxf6 Kxf6 53.Bf8 a4 54.Ke4 Rxf5 55.Bxh6 Rxh5
56.Bc1 Rc5 57.Ba3 Rc8 58.Kd4 Ke6 59.Bb4 Ra8 60.Ba3 Rb8 61.Kc4 Rb3 62.Bc5 Ke5
63.Bd4+ Ke4 64.Bc3 Ke3 65.Bb4 Ke2 66.Kb5 Kd3 67.Kxa4 Kc4 68.Ba5 Rb1  0-1

[Event "TCh-CZE Extraliga 2012-13"]
[Site "Czech Republic CZE"]
[Date "2013.03.23"]
[Round "7.5"]
[White "Mirumian,V"]
[Black "Caletka,R"]
[Result "1/2-1/2"]
[WhiteElo "2511"]
[BlackElo "2324"]

1.Nf3 d5 2.g3 Nf6 3.Bg2 e6 4.O-O Be7 5.c4 O-O 6.b3 b6 7.Bb2 Bb7 8.d3 Nbd7
9.Nbd2 c5 10.e3 Rc8 11.Qe2 Qc7 12.e4 dxe4 13.dxe4 Rfd8 14.e5 Ne8 15.Ne4 Nf8
16.h4 Bc6 17.Rfe1 Rd7 18.Qe3 Rcd8 19.Qf4 f5 20.Neg5 g6 21.Nh3 Qb7 22.Re3 Rd1+
23.Rxd1 Rxd1+ 24.Kh2 Ng7 25.Qh6 Qd7 26.Nf4 Be4 27.Bc3 Rc1 28.h5 Rc2 29.hxg6 hxg6
30.Be1 Rxa2 31.Nxg6 Nxg6 32.Qxg6 Qe8 33.Qxe8+ Nxe8 34.Nd2 Bc2 35.Bc6 Nc7
36.Nf3 Na6 37.Kh3 Nb8 38.Bb7 a6 39.g4 fxg4+ 40.Kxg4 b5 41.Ng5 Bf5+ 42.Kh5 Ra1
43.Be4 Bxe4 44.Rxe4 Bxg5 45.Kxg5 Kf7 46.f4 Nc6 47.Bf2 Rb1 48.cxb5 axb5 49.Bxc5 Rxb3
50.f5 Rg3+ 51.Kf4 Rh3 52.Re1 Rh5  1/2-1/2

[Event "ch-DEN 2013"]
[Site "Helsingor DEN"]
[Date "2013.03.23"]
[Round "1.3"]
[White "Akdag,D"]
[Black "Antonsen,M"]
[Result "0-1"]
[WhiteElo "2251"]
[BlackElo "2446"]

1.Nf3 d5 2.g3 Nf6 3.c4 e6 4.Bg2 Be7 5.d4 O-O 6.O-O dxc4 7.Qa4 a6 8.Qxc4 b5
9.Qc2 Bb7 10.Bf4 Nc6 11.Rd1 Nb4 12.Qc1 Qc8 13.Nbd2 c5 14.dxc5 Bxc5 15.Nb3 Be7
16.a3 Nc2 17.Rb1 Bd5 18.Rd3 b4 19.a4 Rd8 20.Be5 Qc6 21.Qf4 Qxa4 22.Nbd2 Rac8
23.e4 Ba8 24.Bf1 b3 25.Rxd8+ Bxd8 26.Bc3 Nxe4 27.Ne5 Bf6 28.Nxe4 Qxe4 29.Qxe4 Bxe4
30.Bxa6 Ra8 31.Bb5 Bxe5 32.Bxe5 Nd4 33.Bxd4 Bxb1 34.Kf1 Rd8 35.Bc3 Bd3+ 36.Bxd3 Rxd3
37.Bb4 e5 38.Ke2 e4 39.Bc5 f5 40.Bb4 Kf7 41.h4 Ke6 42.Bf8 Kf7 43.Bc5 Kg6
44.Be3 Kh5 45.Bc1 Kg4 46.Bf4 h6 47.Be3 g5 48.f3+ Kxg3 49.fxe4 Rxe3+  0-1

[Event "4NCL 2012-13"]
[Site "Hinckley ENG"]
[Date "2013.03.23"]
[Round "7.122"]
[White "Rombaldoni,D"]
[Black "Dishman,S"]
[Result "1-0"]
[WhiteElo "2510"]
[BlackElo "2327"]

1.Nf3 d5 2.g3 Nf6 3.Bg2 c6 4.d3 Bf5 5.Nh4 e6 6.Nxf5 exf5 7.O-O Bc5 8.d4 Bb6
9.e3 O-O 10.c4 dxc4 11.Nd2 Nbd7 12.Nxc4 Bc7 13.Qc2 g6 14.b4 Re8 15.a4 Ne4
16.b5 cxb5 17.axb5 Ndf6 18.Qb3 Nd5 19.Bb2 h5 20.Ne5 h4 21.Rfc1 hxg3 22.hxg3 Bb6
23.Bxe4 fxe4 24.Kg2 Kg7 25.Rh1 Qd6 26.Qc2 f5 27.Rh6 Rh8 28.Rxg6+ Qxg6 29.Nxg6 Kxg6
30.Rh1 Rxh1 31.Kxh1 Nf6 32.Qc4 Rd8 33.Qe6 Re8 34.Qc4 Rd8 35.Ba3 Rd7 36.Qc8 Rc7
37.Qb8 Rc3 38.Be7 Bc7 39.Qh8 Rc1+ 40.Kg2 Ng4 41.Qg8+ Kh6 42.Qg5+  1-0

[Event "TCh-AUT 2 Mitte 2012-13"]
[Site "St. Veit/Glan AUT"]
[Date "2013.03.23"]
[Round "7.6"]
[White "Schwabeneder,A"]
[Black "Schink,B"]
[Result "0-1"]
[WhiteElo "2061"]
[BlackElo "2167"]

1.Nf3 d5 2.g3 Nf6 3.Bg2 c6 4.O-O Bg4 5.h3 Bh5 6.c4 Nbd7 7.Nc3 dxc4 8.a4 Nc5
9.Ne5 Nb3 10.Ra2 Na5 11.d4 Nd7 12.Nxd7 Qxd7 13.Ne4 O-O-O 14.Be3 e6 15.g4 Bg6
16.Qd2 Nb3 17.Qc3 Nxd4 18.Re1 f5 19.Ng5 fxg4 20.Qxc4 e5 21.b3 h6 22.Bxd4 exd4
23.Qe6 Bf5 24.Qxd7+ Rxd7 25.hxg4 Bxg4 26.Nf3 Bxf3 27.Bxf3 Kc7 28.Rd1 Be7
29.Rc2 Rhd8 30.Rc4 a5 31.Rd3 Bb4 32.Kg2 Rd6 33.Be4 c5 34.Rg3 g5 35.Rc1 b6
36.Rh1 Rf8 37.Bd3 Bd2 38.Rgh3 g4 39.Rh5 Rdf6 40.Kg3 Rxf2 41.Kxg4 Rg8+ 42.Kh3 Rfg2
43.Rf5 R8g3+ 44.Kh4 Bg5+ 45.Kh5 Be3 46.Kh4 Rg7 47.Kh3 Bf2 48.Rf7+ Rxf7 49.Kxg2 Be3
50.Bc4 Rf6 51.Rh3 Kd6 52.Rf3 Bf4 53.Kh3 Ke5 54.Bd3 Rf7 55.Rf2 Re7 56.Rg2 Bg5
57.Rf2 Kd6 58.Rf3 Rg7 59.Bc4 Be3 60.Rf6+ Kc7 61.Rf7+ Rxf7 62.Bxf7 Kd6 63.Bc4 Ke5
64.Kg4 Bd2 65.Bd3 Bg5 66.Bg6 c4 67.bxc4 Kd6 68.Be8 Kc5 69.Bb5 Kb4 70.Kf5 Kc3
71.Kg4 Kd2 72.Kf5 Be7 73.Ke6 Bc5 74.Kd5 Kxe2 75.Ke4  0-1

[Event "TCh-BEL 2012-13"]
[Site "Buellingen BEL"]
[Date "2013.03.24"]
[Round "11.7"]
[White "Zaragatski,I"]
[Black "Van den Doel,E"]
[Result "1/2-1/2"]
[WhiteElo "2471"]
[BlackElo "2571"]

1.Nf3 d5 2.g3 Nf6 3.Bg2 e6 4.d4 b5 5.b3 Bb7 6.O-O Nbd7 7.c4 bxc4 8.bxc4 dxc4
9.Qa4 c5 10.Ba3 Qc8 11.Rc1 Qc6 12.Qxc4 Rc8 13.Nbd2 Qa6 14.Rab1 cxd4 15.Qxa6 Rxc1+
16.Rxc1 Bxa6 17.Bxf8 Kxf8 18.Rc6 Bb7 19.Rc7 Bxf3 20.Nxf3 Ke7 21.Nxd4 Rb8
22.Rxa7 Rb1+ 23.Bf1 Ne4 24.Nb3 Ke8 25.e3 Ne5 26.Kg2 Rb2 27.Bb5+ Kf8 28.Nd4 Nxf2
29.Ra8+ Ke7 30.Nc6+ Nxc6 31.Bxc6 Ng4+ 32.Kg1 Rb1+ 33.Kg2 Rb2+ 34.Kg1 Rb1+  1/2-1/2

[Event "TCh-BEL 2012-13"]
[Site "Buellingen BEL"]
[Date "2013.03.24"]
[Round "11.5"]
[White "Van Mechelen,J"]
[Black "Veltkamp,G"]
[Result "1/2-1/2"]
[WhiteElo "2194"]
[BlackElo "2195"]

1.Nf3 d5 2.g3 Bg4 3.Bg2 e6 4.O-O Nf6 5.d4 Bd6 6.Nbd2 O-O 7.Re1 Nbd7 8.e4 dxe4
9.Nxe4 Nxe4 10.Rxe4 Nf6 11.Re1 c5 12.dxc5 Bxc5 13.Be3 Rc8 14.c3 Qb6 15.Qb3  1/2-1/2

[Event "Norwegian Open 2013"]
[Site "Fagernes NOR"]
[Date "2013.03.24"]
[Round "4"]
[White "Grundekjon,Christian"]
[Black "Hammer,J"]
[Result "0-1"]
[WhiteElo "1985"]
[BlackElo "2629"]

1.Nf3 d5 2.g3 c6 3.Bg2 Bf5 4.c4 e6 5.Qb3 Qb6 6.O-O Nd7 7.d4 h6 8.Nc3 Ngf6
9.Qxb6 axb6 10.cxd5 exd5 11.Nd2 Bb4 12.f3 Bc2 13.e4 Nf8 14.e5 Ng8 15.f4 Ne6
16.Nf3 h5 17.Be3 Nh6 18.Ne1 Bg6 19.Bh3 Nf5 20.Bxf5 Bxf5 21.Nf3 Bxc3 22.bxc3 Ra3
23.Bd2 g6 24.Nh4 Kd7 25.Nxf5 gxf5 26.Rfb1 b5 27.Rb3 Rha8 28.Rxa3 Rxa3 29.Kg2 b4
30.cxb4 Nxd4 31.Kh3 Nc2 32.Rd1 Rxa2 33.Kh4 Nd4 34.Kxh5 Nf3 35.h4 Nxd2 36.g4 Ke6
37.g5 Ne4 38.Rg1 Ra8  0-1

[Event "Norwegian Open 2013"]
[Site "Fagernes NOR"]
[Date "2013.03.24"]
[Round "6"]
[White "Johannessen,LE"]
[Black "Moen,A"]
[Result "1/2-1/2"]
[WhiteElo "2521"]
[BlackElo "2390"]

1.Nf3 d5 2.g3 Nf6 3.Bg2 e6 4.O-O Be7 5.d3 O-O 6.Nbd2 c5 7.e4 Nc6 8.e5 Nd7
9.Re1 b5 10.Nf1 a5 11.h4 a4 12.Bf4 Ra6 13.a3 b4 14.Qe2 Nd4 15.Nxd4 cxd4 16.Nh2 Qb6
17.Qg4 Kh8 18.Bc1 b3 19.cxb3 Nc5 20.Qxd4 Nxb3 21.Qxb6 Rxb6 22.Rb1 Ba6 23.Bf1 Rc8
24.Nf3 d4 25.Bg5 Bf8 26.Red1  1/2-1/2

[Event "Norwegian Open 2013"]
[Site "Fagernes NOR"]
[Date "2013.03.24"]
[Round "8"]
[White "Johannessen,LE"]
[Black "Haugli,P"]
[Result "1-0"]
[WhiteElo "2521"]
[BlackElo "2293"]

1.Nf3 d5 2.g3 Nf6 3.Bg2 c6 4.c4 dxc4 5.O-O Bf5 6.Na3 Nbd7 7.Nxc4 e6 8.d3 Bc5
9.b4 Be7 10.a3 O-O 11.Bb2 Qc7 12.Rc1 Rad8 13.Na5 e5 14.Qc2 Rfe8 15.Qb1 Bf8
16.Qa1 e4 17.Nd4 Bg6 18.dxe4 Bxe4 19.Bh3 h5 20.Rfd1 h4 21.Nf3 hxg3 22.hxg3 Bd6
23.Rxd6 Qxd6 24.Nxb7 Qd5 25.Nxd8  1-0

[Event "Norwegian Open 2013"]
[Site "Fagernes NOR"]
[Date "2013.03.24"]
[Round "8"]
[White "Lie,Es"]
[Black "Laverton,C"]
[Result "1-0"]
[WhiteElo "2471"]
[BlackElo "2096"]

1.Nf3 d5 2.g3 Nf6 3.Bg2 Bf5 4.O-O e6 5.d4 h6 6.c4 c6 7.Nc3 Bd6 8.Qb3 Qc8
9.Nd2 O-O 10.e4 dxe4 11.Ndxe4 Nxe4 12.Nxe4 Bc7 13.Be3 Nd7 14.Rac1 Qb8 15.Nc3 Rd8
16.Rfd1 Bb6 17.Na4 Nf6 18.Nxb6 axb6 19.a3 Ra6 20.Bf1 Be4 21.Bf4 Qc8 22.f3 Bf5
23.d5 c5 24.g4 Bg6 25.dxe6 Re8 26.exf7+ Bxf7 27.Qc3 Re6 28.Bd3 Qe8 29.Re1 Ra8
30.Be5 Qc6 31.Bf5 Ree8 32.Re3 Red8 33.Rce1  1-0

[Event "4NCL 2012-13"]
[Site "Hinckley ENG"]
[Date "2013.03.24"]
[Round "8.151"]
[White "Ghasi,A"]
[Black "Flear,G"]
[Result "1/2-1/2"]
[WhiteElo "2434"]
[BlackElo "2479"]

1.Nf3 d5 2.g3 c5 3.Bg2 Nc6 4.d4 e6 5.O-O cxd4 6.Nxd4 Bc5 7.Nb3 Be7 8.c4 Nf6
9.cxd5 Nxd5 10.Nc3 Nxc3 11.Qxd8+ Nxd8 12.bxc3 Bd7 13.Na5 Rc8 14.Nxb7 Nxb7
15.Bxb7 Rxc3 16.Bf4 O-O 17.Rac1 Rxc1 18.Rxc1 Bb5 19.Kf1 Rd8 20.Be3 a6 21.a4  1/2-1/2

[Event "TCh-AUT 2012-13"]
[Site "St.Veit AUT"]
[Date "2013.03.24"]
[Round "11.4"]
[White "Fauland,A"]
[Black "Diermair,A"]
[Result "1/2-1/2"]
[WhiteElo "2439"]
[BlackElo "2407"]

1.Nf3 d5 2.g3 Nf6 3.Bg2 c6 4.d3 Bg4 5.Nbd2 Nbd7 6.h3 Bh5 7.g4 Bg6 8.Nh4 e5
9.c4 Bc5 10.g5 Nh5 11.cxd5 Qb6 12.O-O cxd5 13.Nxg6 hxg6 14.e3 Bxe3 15.fxe3 Qxe3+
16.Rf2 Qxd3 17.Qb3 Nc5 18.Qxd5 Qxd5 19.Bxd5 Nf4 20.Rxf4 exf4 21.Nf1 Rd8 22.Bc4 Nd3
23.Bxd3 Rxd3 24.Bxf4 Rhxh3 25.Kf2 f6 26.Rc1 Ke7 27.Ke2 Ke6 28.Be3 Rd5 29.Rc7 Rd7
30.Rxd7 Kxd7 31.Bxa7  1/2-1/2

[Event "36th San Sebastian Open"]
[Site "Donostia ESP"]
[Date "2013.03.25"]
[Round "4.11"]
[White "Gagarin,V"]
[Black "Savolainen,L"]
[Result "1-0"]
[WhiteElo "2321"]
[BlackElo "2107"]

1.Nf3 d5 2.g3 Nf6 3.Bg2 Bf5 4.c4 c6 5.cxd5 cxd5 6.Qb3 Qc7 7.Nc3 e6 8.d3 Nbd7
9.Bf4 Qb6 10.Qxb6 Nxb6 11.O-O Be7 12.Nb5 O-O 13.Rfc1 Ne8 14.Be3 Nc8 15.Ne5 Nf6
16.Bc5 Bxc5 17.Rxc5 a6 18.Nd4 Nd6 19.Nxf5 Nxf5 20.g4 Nd6 21.g5 Nh5 22.e3 Rfc8
23.Rac1 Rxc5 24.Rxc5 Rc8 25.Rxc8+ Nxc8 26.Bf3 g6 27.Bxh5 gxh5 28.Kg2 Nd6
29.Kg3 Kg7 30.Kf4 h6 31.Nd7 Kg6 32.gxh6 Kxh6 33.Nc5 Kg6 34.Ke5 Nc8 35.Nxb7 Kg5
36.Nd8 Kg4 37.f4 Kf3 38.Nxf7 Kxe3 39.Ng5 Ne7 40.Kxe6 Kxf4 41.Kxe7 Kxg5 42.b4  1-0

[Event "ch-Moscow w 2013"]
[Site "Moscow RUS"]
[Date "2013.03.25"]
[Round "4.4"]
[White "Fominykh,M"]
[Black "Bezgodova,M"]
[Result "0-1"]
[WhiteElo "2282"]
[BlackElo "2177"]

1.Nf3 d5 2.g3 c5 3.Bg2 Nc6 4.O-O Nf6 5.d3 Bg4 6.h3 Bh5 7.g4 Bg6 8.Nh4 e6
9.f4 Nd7 10.Qe1 Be7 11.Nf3 d4 12.e4 dxe3 13.Na3 Nf6 14.Bxe3 Nd5 15.Bd2 h5
16.f5 exf5 17.Nh4 hxg4 18.Nxf5 Bxf5 19.Rxf5 Nf6 20.hxg4 Nxg4 21.Nb5 Nf6 22.Qg3 Kf8
23.Re1 Rc8 24.Bc3 a6 25.Rd5 Qb6 26.Nd6 Qc7 27.Rxe7 Nxe7 28.Rg5 Rd8 29.Be5 Nc6
30.Nb5 Qe7 31.Bd6 Rxd6 32.Nxd6 Nh5 33.Qg4 Qe1+ 34.Bf1 Qe3+ 35.Kg2 Nf4+  0-1

[Event "ch-DEN 2013"]
[Site "Helsingor DEN"]
[Date "2013.03.27"]
[Round "5.3"]
[White "Ziska,H"]
[Black "Andersen,Mad"]
[Result "1/2-1/2"]
[WhiteElo "2461"]
[BlackElo "2470"]

1.Nf3 d5 2.g3 Nf6 3.Bg2 c6 4.O-O Bg4 5.c4 e6 6.cxd5 exd5 7.d3 Be7 8.Qc2 O-O
9.e4 Na6 10.a3 Nc5 11.Ne5  1/2-1/2

[Event "Pobeskydi Open 2013"]
[Site "Frydek-Mistek CZE"]
[Date "2013.03.28"]
[Round "2"]
[White "Zasko,Grigory"]
[Black "Karhanek,P"]
[Result "1-0"]
[WhiteElo "2149"]
[BlackElo "2030"]

1.Nf3 d5 2.g3 c6 3.Bg2 Bg4 4.O-O e6 5.d3 Nd7 6.Nbd2 Bd6 7.c4 Ne7 8.b3 O-O
9.Bb2 Bh5 10.a3 c5 11.cxd5 Nxd5 12.Nc4 Be7 13.Qc2 Rc8 14.Nce5 Nxe5 15.Bxe5 Bf6
16.Qb2 b6 17.Rfc1 Bxf3 18.Bxf3 Bxe5 19.Qxe5 Qf6 20.Qxf6 Nxf6 21.Rc2 Rc7 22.Rac1 Rfc8
23.b4 Kf8 24.d4 Nd7 25.dxc5 bxc5 26.b5 Nb6 27.Ra1 Ke7 28.a4 Nd5 29.Rc4 h6
30.Rac1 Kd6 31.a5 Rb8 32.e4 Ne7 33.Rd1+ Ke5 34.Rb1 Nc8 35.Be2 g5 36.Rc3 Kxe4
37.Rbc1 Kd5 38.Bf3+ Kd6 39.Rd1+ Ke7 40.Bc6 a6 41.Rxc5 axb5 42.Rxb5 Rxb5 43.Bxb5 Nd6
44.Bd3 Nc8 45.a6 Na7 46.Rb1 Kd7 47.g4 Kd6 48.Rb3 Rc1+ 49.Bf1 Ra1 50.Rh3 Nc6
51.Rxh6 Ne5 52.Rh3 Nxg4 53.Rg3 Ne5 54.h3 f6 55.Kg2 Ng6 56.Bb5 Kc5 57.Rb3 Nf4+
58.Kh2 Ra5 59.Bf1 Ra1 60.Bb5 Ra5 61.Bf1 Nd5 62.Rb7 Kc6 63.Rf7 Kb6 64.Kg3 f5
65.Rg7 Ra3+ 66.Kh2 Nc7 67.Rxg5 Nxa6 68.Bc4 Nc5 69.Bxe6 Nxe6 70.Rg6 Kc5 71.Rxe6 Kd5
72.Re8 Rb3 73.h4 Ra3 74.Re3 Ra1 75.h5 Rb1 76.h6 Rb7 77.Kg3 Rh7 78.Kf4 Rxh6
79.Kxf5 Rh5+ 80.Kg6 Rh1 81.f4 Rg1+ 82.Kf6 Rg8 83.f5 Rf8+ 84.Kg6 Rg8+ 85.Kf7 Rg1
86.f6 Kd6 87.Kf8 Kd7 88.f7 Rg2 89.Rd3+ Ke6 90.Ke8  1-0

[Event "Mexico International Open"]
[Site "Puebla MEX"]
[Date "2013.03.28"]
[Round "4.8"]
[White "Gonzalez Garcia,J2"]
[Black "Estrada Nieto,J"]
[Result "1-0"]
[WhiteElo "2517"]
[BlackElo "2284"]

1.Nf3 d5 2.g3 Nf6 3.Bg2 c6 4.c4 dxc4 5.O-O Nbd7 6.a4 a5 7.Na3 Nb6 8.Qc2 Qd5
9.Ne1 Qf5 10.e4 Qh5 11.Nxc4 Nxc4 12.Qxc4 e5 13.d4 exd4 14.e5 Ng4 15.Nf3 Be6
16.Qxd4 Bd5 17.h3 Nh6 18.g4 Qg6 19.Nh4 Qe6 20.Bxd5 cxd5 21.Ng2 Rd8 22.Bg5 Be7
23.Nf4 Qd7 24.Bxh6  1-0

[Event "O2C Doeberl Cup Premier 2013"]
[Site "Canberra AUS"]
[Date "2013.03.29"]
[Round "4.15"]
[White "Stany,G"]
[Black "McNamara,G"]
[Result "1/2-1/2"]
[WhiteElo "2449"]
[BlackElo "2135"]

1.Nf3 d5 2.g3 Nf6 3.Bg2 c6 4.d3 h6 5.O-O Bf5 6.Nbd2 Nbd7 7.Re1 e5 8.e4 dxe4
9.dxe4 Be6 10.b3 Bc5 11.Bb2 Qc7 12.Qe2 O-O 13.h3 b5 14.Nh4 Rfe8 15.Kh1 Rad8
16.Rf1 Nf8 17.Rad1 Bd4 18.c3 Bc5 19.Nhf3 Ng6 20.c4 b4 21.Ra1 Qd7 22.Kh2 Qd3
23.Rfe1 h5 24.Qxd3 Rxd3 25.Re2 Bc8 26.a3 a5 27.axb4 Bxb4 28.Ba3 Bc3 29.Ra2 h4
30.Nb1 hxg3+ 31.fxg3 a4 32.bxa4 Be6 33.Rac2 Ba5 34.Bb2 Rb8 35.Nbd2 Nd7 36.Ne1 Rxd2
37.Rexd2 Bxd2 38.Rxd2  1/2-1/2

[Event "O2C Doeberl Cup Premier 2013"]
[Site "Canberra AUS"]
[Date "2013.03.29"]
[Round "4.17"]
[White "Ferozkohi,I"]
[Black "Lane,G"]
[Result "0-1"]
[WhiteElo "2107"]
[BlackElo "2412"]

1.Nf3 d5 2.g3 Nf6 3.Bg2 c6 4.b3 Nbd7 5.Bb2 e6 6.O-O Bd6 7.d3 O-O 8.Nbd2 Re8
9.e4 e5 10.exd5 cxd5 11.Re1 h6 12.a4 a5 13.h3 Rb8 14.g4 b6 15.Nf1 Bb4 16.Bxe5 Bxe1
17.Bxb8 Bc3 18.Bf4 Bxa1 19.Qxa1 Nf8 20.Qc3 Ne6 21.Be5 Nd7 22.d4 Nxe5 23.Nxe5 Nf4
24.Qf3 Qf6 25.Ne3 Nxg2 26.Qxg2 Bb7 27.Qg3 Qe6 28.h4 f6 29.Nf3 Qe4 30.g5 hxg5
31.hxg5 fxg5 32.Nxg5 Qxd4 33.Qh3 Qa1+ 34.Kh2 Qe5+ 35.Qg3 d4 36.Nc4 Qxg3+
37.Kxg3 Re2 38.Nxb6 Rxc2 39.Nc4 Bd5 40.Nxa5 d3 41.Nf3 d2 42.Nxd2 Rxd2 43.Kf4 Rb2  0-1

[Event "ch-WLS 2013"]
[Site "Cardiff WLS"]
[Date "2013.03.30"]
[Round "3.4"]
[White "Pleasants,A"]
[Black "Young,Al"]
[Result "1-0"]
[WhiteElo "2039"]
[BlackElo "2063"]

1.Nf3 d5 2.g3 c5 3.c4 d4 4.b4 cxb4 5.a3 bxa3 6.Bxa3 Nc6 7.d3 Nf6 8.Bg2 e5
9.Bxf8 Kxf8 10.Nbd2 g6 11.O-O Kg7 12.Qa4 Re8 13.Ng5 Bg4 14.Rfb1 Re7 15.Kf1 h6
16.Nge4 Rc7 17.Nxf6 Qxf6 18.Ne4 Qe7 19.Qa3 Qd8 20.h3 Bf5 21.Nd6 Be6 22.Nxb7 Qc8
23.Nd6 Qd7 24.h4 Bh3 25.Qc5 Rd8 26.Nb5 Rb7 27.Ra6 Rb6 28.Rxb6 axb6 29.Qxb6 e4
30.Qc7 Qe6 31.Kg1 Bxg2 32.Kxg2 exd3 33.exd3 Rc8 34.Qf4 Rd8 35.Nc7 Qe2 36.Qf3 Qc2
37.Ne6+ Kg8 38.Qf6 Qxb1 39.Qg7+  1-0

[Event "Easter Open 2013"]
[Site "Oberhausen GER"]
[Date "2013.03.30"]
[Round "3.8"]
[White "Hirschberg,V"]
[Black "Hobusch,Jan"]
[Result "1/2-1/2"]
[WhiteElo "2281"]
[BlackElo "2061"]

1.Nf3 d5 2.g3 Nf6 3.Bg2 c6 4.c4 Bg4 5.Ne5 Be6 6.d4 Nbd7 7.cxd5 Bxd5 8.Nf3 e6
9.O-O Be7 10.Nc3 O-O 11.Qc2 c5 12.e4 Bc6 13.Rd1 cxd4 14.Nxd4 Rc8 15.Qe2 Qc7
16.Nxc6 bxc6 17.Be3 e5 18.Rac1 Qb8 19.Bh3 Rcd8 20.Bg2 Nc5 21.h3 Ne6 22.Na4 Qb4
23.Qc2 c5 24.a3 Qb7 25.f4 Nh5 26.Qf2 Qb8 27.f5 Rxd1+ 28.Rxd1 Nd4 29.Nc3 Nf6
30.g4 Rd8 31.g5 Nh5 32.Nd5 Bf8 33.Bf1 Bd6 34.Bc4 Kh8 35.Kh1 Rf8 36.Qh4 Nf4
37.Bxf4 exf4 38.f6 g6 39.b4 Qe8 40.Ne7 Bxe7 41.fxe7 Qxe7 42.Qxf4 f6 43.bxc5 Qxc5
44.Bd5 Qxa3 45.Kg2 Ne2 46.Qf2 Nc3 47.Rd3 Qb4 48.Rd4 Qe7  1/2-1/2

[Event "7th Philadelphia Open"]
[Site "Philadelphia USA"]
[Date "2013.03.30"]
[Round "6"]
[White "Mena Crespo,C"]
[Black "Shabalov,A"]
[Result "0-1"]
[WhiteElo "2323"]
[BlackElo "2557"]

1.Nf3 d5 2.g3 Bg4 3.Bg2 Nd7 4.c4 e6 5.cxd5 exd5 6.O-O Ngf6 7.Nc3 c6 8.d3 Bc5
9.a3 O-O 10.b4 Bd6 11.Bd2 Re8 12.Qc2 Rc8 13.Rfe1 a6 14.Na4 b6 15.Nc3 c5 16.bxc5 bxc5
17.h3 Bf5 18.e4 dxe4 19.dxe4 Bg6 20.Nh4 c4 21.Nxg6 hxg6 22.f4 Nh5 23.Kh2 g5
24.e5 Nxe5 25.fxe5 Bxe5 26.Rxe5 Rxe5 27.Be1 Qd3 28.Qf2 Rce8 29.Rd1 Qg6 30.Bd2 Rd8
31.Bf1 Qe6 32.Rb1 Rf5 33.Qe1 Qxe1  0-1

[Event "7th Philadelphia Open"]
[Site "Philadelphia USA"]
[Date "2013.03.30"]
[Round "7"]
[White "Bora,Safal"]
[Black "Ippolito,D"]
[Result "1-0"]
[WhiteElo "2140"]
[BlackElo "2423"]

1.Nf3 d5 2.g3 Bg4 3.Ne5 Bh5 4.Bg2 f6 5.Nf3 e5 6.c4 dxc4 7.Qa4+ Qd7 8.Qxc4 Qc6
9.b3 Qxc4 10.bxc4 c6 11.d3 Bb4+ 12.Nbd2 Na6 13.Bb2 Ne7 14.h3 Nc5 15.O-O-O O-O
16.g4 Bg6 17.Ne1 a5 18.Rf1 Na4 19.Nc2 Nxb2 20.Kxb2 Bxd2 21.Rxd2 Rab8 22.f4 b5
23.cxb5 exf4 24.Rxf4 Rxb5+ 25.Ka3 Bf7 26.Ra4 Rfb8 27.Nd4 Rb1 28.Rxa5 c5 29.Rxc5 Bd5
30.Bxd5+ Nxd5 31.Ra5 Ne3 32.Nf5 Nd5 33.e4 Nb4 34.Ne7+ Kf8 35.Nd5 Nc6 36.Ra4 Ne5
37.d4 Nf3 38.Rd3 Ne1 39.Rc3 h5 40.Ne3 hxg4 41.hxg4 Nf3 42.Rb3 Nd2 43.Rxb8+ Rxb8
44.Rb4 Ra8+ 45.Kb2 Nxe4 46.a4 Nf2 47.Ka3 Re8 48.Rb3 Re4 49.Nf5 Rxg4 50.a5 Rg1
51.Kb4 Ne4 52.a6 Ra1 53.Ra3 Rb1+ 54.Kc4 Rb8 55.a7 Ra8 56.Kd5 g6 57.Ne3 f5
58.Kc6 f4 59.Nd5 Rc8+ 60.Kd7 Ra8 61.Nxf4 g5  1-0

[Event "7th Philadelphia Open"]
[Site "Philadelphia USA"]
[Date "2013.03.30"]
[Round "7"]
[White "Balakrishnan,Praveen"]
[Black "Kreiman,B"]
[Result "0-1"]
[WhiteElo "2075"]
[BlackElo "2482"]

1.Nf3 d5 2.g3 g6 3.Bg2 Bg7 4.O-O Nf6 5.d3 O-O 6.Nbd2 c5 7.e4 Nc6 8.c3 d4
9.cxd4 cxd4 10.a4 Nd7 11.Nc4 Nc5 12.b3 a5 13.Ba3 Na6 14.Ne1 Nab4 15.Nc2 Be6
16.Qd2 Nxc2 17.Qxc2 Rb8 18.Rfb1 b5 19.axb5 Rxb5 20.Nd6 Nb4 21.Bxb4 Rxb4 22.Nc4 Qc7
23.Qd2 Bxc4 24.bxc4 Rfb8 25.Rxb4 axb4 26.Bf3 b3 27.Qb2 Qb6 28.Bd1 Qb4 29.Rb1 Qc3
30.Qxc3 dxc3 31.Bxb3 Rxb3  0-1

[Event "ch-WLS 2013"]
[Site "Cardiff WLS"]
[Date "2013.03.31"]
[Round "5.4"]
[White "Sands,D"]
[Black "Young,Al"]
[Result "1-0"]
[WhiteElo "2235"]
[BlackElo "2063"]

1.Nf3 d5 2.g3 c5 3.Bg2 Nc6 4.d4 e6 5.O-O Nf6 6.c4 cxd4 7.Nxd4 Be7 8.Nc3 O-O
9.cxd5 exd5 10.b3 Re8 11.Bb2 Bc5 12.Nxc6 bxc6 13.Na4 Bd6 14.Qc2 Bd7 15.e3 Ne4
16.Rac1 Rc8 17.Qd1 Qg5 18.Nc3 Bf5 19.Nxe4 Bxe4 20.Bxe4 Rxe4 21.Bd4 c5 22.Kg2 h5
23.Qf3 Rc7 24.Bc3 Rce7 25.Rfd1 R7e6 26.h4 Rxh4 27.Rxd5 Qg6 28.Qf5 Rg4 29.Qxg6 Rexg6
30.Rxh5 Rh6 31.Rxh6 gxh6 32.Rd1 Rg6 33.Rd5 Re6 34.Kf3 Bf8 35.Ke2 Ra6 36.Rd2 Kh7
37.Kd3 Kg6 38.e4 Kg5 39.Ke3 Kg4 40.Be5 h5 41.Bf4 Bh6 42.Bxh6 Rxh6 43.Rd7 Rf6
44.Rxa7 Kh3 45.Rc7  1-0

[Event "40th La Roda Open"]
[Site "La Roda ESP"]
[Date "2013.03.31"]
[Round "9.15"]
[White "Garza Marco,S"]
[Black "Picazo Lopez,Ju"]
[Result "1-0"]
[WhiteElo "2449"]
[BlackElo "2156"]

1.Nf3 d5 2.g3 Nf6 3.Bg2 e6 4.O-O Bd6 5.d4 O-O 6.c4 c6 7.Nc3 Ne4 8.Qc2 f5
9.Rb1 Nd7 10.b4 Ndf6 11.Ne5 a5 12.b5 Nxc3 13.Qxc3 cxb5 14.Rxb5 Ne4 15.Qb2 Bxe5
16.dxe5 dxc4 17.Be3 Bd7 18.Rxb7 Bc6 19.Rb6 Bd5 20.Qa3 Qc7 21.f3 Nd2 22.Rc1 c3
23.Rb5 Qxe5 24.Rxc3 Rac8 25.Bxd2 Qxe2 26.Rb2  1-0

[Event "VII New Open"]
[Site "Lugano SUI"]
[Date "2013.03.31"]
[Round "4.8"]
[White "Dragojlovic,A"]
[Black "Moroni,L"]
[Result "1-0"]
[WhiteElo "2372"]
[BlackElo "2170"]

1.Nf3 d5 2.g3 e6 3.Bg2 Nf6 4.O-O Nbd7 5.d3 Be7 6.Nbd2 c5 7.e4 Qc7 8.Re1 dxe4
9.dxe4 O-O 10.e5 Nd5 11.Qe2 b6 12.a3 Bd8 13.h4 Bb7 14.h5 Ne7 15.h6 g6 16.Nf1 Nc6
17.c3 Be7 18.Bf4 a6 19.N1h2 b5 20.Ng4 Rfd8 21.Bg5 c4 22.Rad1 Nc5 23.Bxe7 Qxe7
24.Nf6+ Kh8 25.Ng5 Nd3 26.Bxc6 Bxc6 27.Rf1 a5 28.Rd2 Rab8 29.Rfd1 b4 30.axb4 axb4
31.Kh2 Bb5 32.Qe3 Ra8 33.Qc5  1-0

[Event "17th Neckar Open"]
[Site "Deizisau GER"]
[Date "2013.04.01"]
[Round "9.2"]
[White "Zaragatski,I"]
[Black "Bacrot,E"]
[Result "1/2-1/2"]
[WhiteElo "2467"]
[BlackElo "2705"]

1.Nf3 d5 2.g3 g6 3.c4 d4 4.b4 Bg7 5.d3 e5 6.Nbd2 Nd7 7.Bg2 Ngf6 8.O-O O-O
9.a4 a5 10.bxa5 Rxa5 11.Ba3 Re8 12.Qc2 b6 13.Nb3 Ra6 14.Nfd2 h5 15.c5 bxc5  1/2-1/2

[Event "Pobeskydi Open 2013"]
[Site "Frydek-Mistek CZE"]
[Date "2013.04.01"]
[Round "9"]
[White "Bausano,Michael"]
[Black "Trombik,K"]
[Result "1/2-1/2"]
[WhiteElo "1737"]
[BlackElo "2041"]

1.Nf3 d5 2.g3 Nf6 3.d3 c5 4.Nbd2 Nc6 5.Bg2 e5 6.O-O Be7 7.e4 d4 8.Nc4 Qc7
9.a4 O-O 10.Nh4 g6 11.f4 Nh5 12.f5 Bxh4 13.gxh4 f6 14.Qg4 Kh8 15.Kh1 Rg8
16.Qf3 Bd7 17.Bh6 Nd8 18.Bh3 Nf7 19.Bd2 Raf8 20.Bg4 Nd6 21.Nxd6 Qxd6 22.Bxh5 gxh5
23.Qxh5 Rc8 24.b3 Be8 25.Qf3 Bf7  1/2-1/2